📖150 premiers mots "Musiques de scènes" Françoise Sagan - Statistiques

Statistiques générales
  • Ce quiz a Ă©tĂ© pris 4 fois
  • Le rĂ©sultat moyen est 94 sur 150
Statistiques - réponses
Mots % Correct
Ă 
100%
Angela,
100%
Angela
100%
Angela di Stefano
100%
d'
100%
dans
100%
de
100%
des
100%
du
100%
elle
100%
en
100%
et,
100%
et
100%
Filou,
100%
Filou
100%
"Filou,
100%
Filou"
100%
Giuseppe,
100%
Il
100%
il
100%
l'
100%
la
100%
le
100%
les
100%
leur
100%
n'
100%
Nice.
100%
pas
100%
que
100%
qui
100%
s'
100%
sa
100%
sur
100%
tous
100%
avait
75%
bien
75%
Ce
75%
chat,
75%
comme
75%
était
75%
habitudes
75%
lui
75%
quel
75%
ruelles
75%
samedis
75%
ses
75%
son
75%
Son
75%
vieux
75%
3
50%
appeler
50%
après-
50%
aux
50%
fût
50%
heures
50%
leurs
50%
matin
50%
midi
50%
midi,
50%
on
50%
pâtée,
50%
plus
50%
trop
50%
attachée,
25%
chaud.
25%
chuchotait
25%
crier
25%
depuis
25%
disparu
25%
encore
25%
faisait
25%
fort
25%
fort,
25%
jouer
25%
mari,
25%
oublier
25%
parti
25%
peur
25%
septembre,
25%
voisines
25%
affreusement
0%
allongées
0%
avoisinantes,
0%
beau
0%
boules
0%
châle
0%
charme
0%
chattes
0%
chaussettes
0%
chemises
0%
cuivre,
0%
derrière
0%
devenait
0%
époumonait
0%
faisaient
0%
fenĂŞtres.
0%
inquiète.
0%
lits
0%
maintenant
0%
multicolores
0%
oriflammes
0%
osait
0%
porches
0%
sieste
0%
sieste,
0%
suspendues
0%
tĂŞte ...
0%
troubler
0%
vain
0%
Aucun quiz correspondant
Distribution des résultats
% des personnes avec chaque résultat
Percentile par nombre de réponses
Votre historique - résultats
Vous n’avez pas pris ce quiz